|
|
|
|
| LEADER |
00000nam0a2200000 4500 |
| 001 |
325912 |
| 005 |
20231102003816.0 |
| 035 |
|
|
|a (RuTPU)RU\TPU\book\351528
|
| 035 |
|
|
|a RU\TPU\book\335978
|
| 090 |
|
|
|a 325912
|
| 100 |
|
|
|a 20161214d1978 k y0rusy5003 ca
|
| 101 |
0 |
|
|a rus
|
| 102 |
|
|
|a RU
|
| 105 |
|
|
|a a z 001zy
|
| 200 |
1 |
|
|a Керамзит и керамзитобетон
|e [сборник]
|f Государственный Всесоюзный научно-исследовательский институт строительных материалов и конструкций им. П. П. Будникова (ВНИИстром)
|
| 210 |
|
|
|a Москва
|c Изд-во ВНИИстром
|d 1978
|
| 215 |
|
|
|a 95 с.
|c ил.
|
| 225 |
1 |
|
|a Сборник трудов [Всесоюзного научно-исследовательского института строительных материалов и конструкций ВНИИстром]
|v Вып. 11
|
| 320 |
|
|
|a Библиография в конце статей
|
| 606 |
1 |
|
|a Керамзит
|x Производство
|2 stltpush
|3 (RuTPU)RU\TPU\subj\39429
|9 59533
|
| 606 |
1 |
|
|a Керамзитобетон
|x Производство
|2 stltpush
|3 (RuTPU)RU\TPU\subj\35679
|9 57319
|
| 610 |
1 |
|
|a легкие заполнители
|
| 610 |
1 |
|
|a получение
|
| 610 |
1 |
|
|a сырьевая база
|
| 610 |
1 |
|
|a высокопрочный керамзитовый гравий
|
| 610 |
1 |
|
|a структурообразование
|
| 610 |
1 |
|
|a производительность труда
|
| 610 |
1 |
|
|a сушка
|
| 610 |
1 |
|
|a глинозольный керамзит
|
| 610 |
1 |
|
|a фазовый состав
|
| 610 |
1 |
|
|a перлитовые породы
|
| 610 |
1 |
|
|a себестоимость
|
| 610 |
1 |
|
|a отделочные стекломатериалы
|
| 610 |
1 |
|
|a декоративные свойства
|
| 610 |
1 |
|
|a алюмосиликатные материалы
|
| 610 |
1 |
|
|a обжиг
|
| 610 |
1 |
|
|a вспучиваемость
|
| 675 |
|
|
|a 666.32
|z rus
|v 4
|
| 675 |
|
|
|a 666.973.2
|z rus
|v 4
|
| 712 |
0 |
2 |
|a Государственный Всесоюзный научно-исследовательский институт строительных материалов и конструкций им. П. П. Будникова (ВНИИстром)
|c (Красково, Московская область)
|c (1930-19??)
|2 stltpush
|3 (RuTPU)RU\TPU\col\11317
|
| 801 |
|
0 |
|a RU
|b 63413507
|c 19950704
|g psbo
|
| 801 |
|
1 |
|a RU
|b 63413507
|c 20151126
|
| 801 |
|
2 |
|a RU
|b 63413507
|c 20171211
|g RCR
|
| 942 |
|
|
|c BK
|